000 00660cam a2200205 i 4500
005 20260204120606.0
008 250721s2001 jo gr 000 0 ara d
020 _a9957851704
082 1 4 _a398.91
_bخ ط ا
100 1 _aخطاب، هشام
_eمعد.
245 1 2 _aالأمثال العربية الشائعة /
_cإعداد هشام خطاب.
250 _aالطبعة الأولى.
264 3 1 _aعمان :
_bدار عالم الثقافة،
_c2001.
300 _a88 صفحة.
650 1 7 _aالأمثال.
650 1 7 _aالأدب العربي.
650 1 7 _aالأدب الشعبي.
942 _2ddc
_cBK
999 _c92586
_d92586